LEADER 01009nam a2200265 a 4500 001 000000141878 003 CaOOAMICUS 005 20150218132125.0 008 150218s1977 it u000 u ita r 040 $aPUL$bita 100 1 $aFalco, Giorgio,$d1888-1967.$0(OLS)http://pul/name/256 245 13$aLa polemica sul medioevo /$cGiorgio Falco. 260 $aNapoli :$bGuida Editori,$c1977. 300 $a381 p. ;$c18 cm 490 1 $aI tascabili ;$v07 504 $aBibliografia nelle note. 650 4$aMedioevo$xStudi.$0(OLS)http://pul/subject/4691 830 2$aI Tascabili (Guida editori) ;$v07.$0(OLS)http://pul/title/31812 850 $aPUL 852 $aPUL$W1$xDP1 Fondo Capitani$y116$m10 A 55$j163733$qFondi$B163766$CPULBib$Z2$F163766 $HCap2204 $82 941 1 $a1 961 $aNota ms. di possesso: Capitani. 996 $6245$aLa polemica sul medioevo$9(OLS)http://pul/title/38981 996 $6260$aNapoli :$bGuida Editori$9(OLS)http://pul/publisher/53352 LEADER 01579nam a2200349 a 4500 001 000000133627 003 CaOOAMICUS 005 20130423100819.0 008 130423s2013 it u000 u ita r 020 $a978-88-7094-815-8 040 $aPUL$bita 041 1 $aita$alat$hlat 082 04$a270.1 100 0 $aDhuoda,$dattiva secolo 9.$0(OLS)http://pul/name/15567 245 10$aManuale per mio figlio /$cDhuoda ; introduzione, testo critico e note di Pierre Riché ; traduzione italiana e aggiornamento di Vanessa Angelucci. 260 $aRoma :$bEdizioni San Clemente ;$aBologna :$bEdizioni Studio Domenicano,$c2013. 300 $a387 p. ;$c20 cm 490 1 $aSources chrétiennes. Edizione italiana ;$v13 500 $aBibliografia p. 60-63. 546 $aTesto latino a fronte. 700 1 $aRiché, Pierre,$d1921-$0(OLS)http://pul/name/9114 700 1 $aAngelucci, Vanessa.$0(OLS)http://pul/name/86082 830 0$aSources chrétiennes. Edizione italiana ;$v13.$0(OLS)http://pul/title/142077 850 $aPUL 852 $aPUL$W1$xSL Religione 3$y85$m270. 1 COLL 2.13$j153591$qDDC 21$B153158$CPULBib$Z2$F153158 $H122262 $82 941 1 $a9 996 $6020$a978-88-7094-815-8$9(OLS)http://pul/number/152491 996 $6082$a270.1$9(OLS)http://pul/classification/305 996 $6245$aManuale per mio figlio$9(OLS)http://pul/title/168905 996 $6260$aRoma :$bEdizioni San Clemente$9(OLS)http://pul/publisher/80048 996 $6260$aBologna :$bEdizioni Studio Domenicano$9(OLS)http://pul/publisher/49136